LIBRARY & INFORMATION CENTRE, KCAET, TAVANUR

ONLINE PUBLIC ACCESS CATALOGUE (OPAC)

Black Arrow / (Record no. 983)

MARC details
000 -LEADER
fixed length control field 00411cam a2200169ua 4500
041 ## - LANGUAGE CODE
Language code of text/sound track or separate title eng
082 ## - DEWEY DECIMAL CLASSIFICATION NUMBER
Classification number 823.308
Item number STE/BL
100 ## - MAIN ENTRY--AUTHOR NAME
Personal name Stevenson, Robet Louis.
245 ## - TITLE STATEMENT
Title Black Arrow /
260 ## - PUBLICATION, DISTRIBUTION, ETC. (IMPRINT)
Place of publication London :
Name of publisher Blackie & Son Limited ,
Year of publication 1963.
300 ## - PHYSICAL DESCRIPTION
Number of Pages 186 ; .
942 ## - ADDED ENTRY ELEMENTS (KOHA)
Koha item type Books
Holdings
Withdrawn status Lost status Damaged status Home library Current library Date acquired Full call number Accession Number Koha item type
Withdrawn     KAUAET Central Prison Tavanur 07/04/2012 823.308 11102 Books
Withdrawn     KAUAET Central Prison Tavanur 13/11/2023 823.308 STE/BL 10186 Books
Withdrawn     KAUAET Sanskrit University 07/04/2012 823.308 4727 Books
Withdrawn     KAUAET Sanskrit University 07/04/2012 823.308 11132 Books
free website counter